Life : its nature, origins and distribution (Record no. 11935)
[ view plain ]
| 000 -LEADER | |
|---|---|
| fixed length control field | 00843cam a22002771 4500 |
| 001 - CONTROL NUMBER | |
| control field | 11935 |
| 003 - CONTROL NUMBER IDENTIFIER | |
| rucl marc code | BD-RjUL |
| 005 - DATE AND TIME OF LATEST TRANSACTION | |
| control field | 20211208235215.0 |
| 008 - FIXED-LENGTH DATA ELEMENTS--GENERAL INFORMATION | |
| fixed length control field | 140127s1968 stkafh b 001 0 eng d |
| 035 ## - SYSTEM CONTROL NUMBER | |
| System control number | (BD-RjUL)11984 |
| 040 ## - CATALOGING SOURCE | |
| Original cataloging agency | DLC |
| Transcribing agency | DLC |
| Modifying agency | DLC |
| -- | BD-RjUL |
| Language of cataloging | eng |
| 041 ## - LANGUAGE CODE | |
| Language code of text/sound track or separate title | eng |
| 082 00 - DEWEY DECIMAL CLASSIFICATION NUMBER | |
| Classification number | 577 |
| Author mark and year | MAL 1968 |
| 100 1# - MAIN ENTRY--PERSONAL NAME | |
| Personal name | Marquand, Josephine. |
| 9 (RLIN) | 37010 |
| 245 10 - TITLE STATEMENT | |
| Title | Life : its nature, origins and distribution |
| Statement of responsibility, etc. | with a foreword by N. W. Pirie. |
| 260 ## - PUBLICATION, DISTRIBUTION, ETC. (IMPRINT) | |
| Place of publication, distribution, etc. | Edinburgh ; |
| -- | London : |
| Name of publisher, distributor, etc. | Oliver & Boyd, |
| Date of publication, distribution, etc. | 1968. |
| 300 ## - PHYSICAL DESCRIPTION | |
| Pagination | xi, 96 p. : |
| Illustrations | 8 plates, illus., facsim. |
| Size | 18 cm. |
| 490 0# - SERIES STATEMENT | |
| Series statement | Contemporary science paperbacks |
| Volume/sequential designation | 17 |
| 504 ## - BIBLIOGRAPHY, ETC. NOTE | |
| Bibliography, etc | Bibliography: p. 89-90. and index. |
| 650 #0 - SUBJECT ADDED ENTRY--TOPICAL TERM | |
| Topical term or geographic name as entry element | Life (Biology) |
| 9 (RLIN) | 26530 |
| Topical term or geographic name as entry element | Life |
| General subdivision | Origin. |
| 9 (RLIN) | 4249 |
| Topical term or geographic name as entry element | Biology. |
| 9 (RLIN) | 37011 |
| 942 ## - ADDED ENTRY ELEMENTS (KOHA) | |
| Source of classification or shelving scheme | Dewey Decimal Classification |
| Koha item type | Books |
| Lost status | Source of classification or shelving scheme | Damaged status | Not for loan | Collection code | Permanent Location | Current Location | Shelving location | Date acquired | Source of acquisition | Cost, normal purchase price | Total Checkouts | Full call number | Date last seen | Copy number | Koha item type |
|---|---|---|---|---|---|---|---|---|---|---|---|---|---|---|---|
| Dewey Decimal Classification | Not For Loan | Non-fiction | Central Library, University of Rajshahi | Central Library, University of Rajshahi | Reading Room | 07/03/1970 | Zeitlinger | 7.60 | 577 MAL 1968 | 27/01/2014 | C-1 | Books |